| 000 | 00983nam0a22002531 4500 | ||
|---|---|---|---|
| 001 | rc\633520 | ||
| 005 | 20260407091737.0 | ||
| 035 | _a(NLR Aleph) 005875487 | ||
| 090 |
_a6023242 _c6023242 |
||
| 100 | _a20031121d1986 |||y0rusy50 ca | ||
| 101 | 0 | _arus | |
| 102 | _aRU | ||
| 105 | _aa ||||||||| | ||
| 200 | 1 |
_aМетодические рекомендации по изучению хальцидоидных наездников-паразитов люцерновой пчелы-листореза _fВАСХНИЛ, Отд-ние ветеринарии _g[Сост. Н.М. Столбовым и др.] |
|
| 210 |
_aМ. _cВАСХНИЛ _d1986 |
||
| 215 |
_a44 с. _cил. _d20 |
||
| 320 | _aБиблиогр.: с. 41-43 | ||
| 702 | 1 |
_aСтолбов _bН.М. _4220 |
|
| 712 | 0 | 2 |
_aВАСХНИЛ _bОтделение ветеринарии _3RU\NLR\AUTH\8817236 _9307700 |
| 801 | 0 |
_aRU _bNLR _gpsbo |
|
| 801 | 1 |
_aRU _bELAR _2rusmarc |
|
| 852 |
_aNLR _j87-4/189 |
||
| 942 | _cBOOK | ||
| 980 | _aNB | ||